[Event "21st Abu Dhabi Masters 2014"]
[Site "Abu Dhabi UAE"]
[Date "2014.08.26"]
[Round "7.42"]
[White "Mayed, Al-Rashedi"]
[Black "Iniyan, P"]
[Result "0-1"]
[WhiteTitle "FM"]
[WhiteElo "1859"]
[BlackElo "2048"]
[WhiteFideId "9303871"]
[BlackFideId "25002767"]
[EventDate "2014.08.20"]

1. e4 c5 2. Nf3 d6 3. d4 cxd4 4. Nxd4 Nf6 5. Nc3 a6 6. g3 e5 7. Nb3 b5 8. Bg2
Bb7 9. a4 b4 10. Nd5 Nxd5 11. exd5 a5 12. Bf1 Nd7 13. Bb5 g6 14. h4 h5 15. Bg5
Be7 16. Be3 Qc7 17. Qd2 Bf6 18. c3 bxc3 19. bxc3 Ba6 20. c4 O-O 21. Rc1 e4 22.
Bf4 Ne5 23. Bxe5 Bxe5 24. O-O Bc8 25. c5 Bh3 26. Rfe1 dxc5 27. Nxc5 Bxg3 28.
Nxe4 Bh2+ 29. Kh1 Qf4 30. Re3 Qxh4 31. Qc3 Bf1 32. Nf6+ Kh8 33. Ng4+ Be5+ 34.
Rh3 Bxh3 35. Nxe5 Kh7 36. Nf3 Qe4 37. Kh2 Qf5 38. Rg1 Bg4 39. Nd4 Qxf2+ 0-1

[Event "21st Abu Dhabi Masters 2014"]
[Site "Abu Dhabi UAE"]
[Date "2014.08.27"]
[Round "8.1"]
[White "Vidit, Santosh Gujrathi"]
[Black "Karthikeyan, Murali"]
[Result "1-0"]
[WhiteTitle "GM"]
[BlackTitle "IM"]
[WhiteElo "2602"]
[BlackElo "2462"]
[WhiteFideId "5029465"]
[BlackFideId "5074452"]
[EventDate "2014.08.20"]

1. d4 d5 2. c4 c6 3. Nc3 Nf6 4. e3 a6 5. Nf3 b5 6. b3 Bg4 7. Bd2 e6 8. h3 Bxf3
9. Qxf3 Bd6 10. Bd3 O-O 11. O-O Nbd7 12. Rfc1 Re8 13. Bf1 Rc8 14. Qd1 e5 15.
cxd5 cxd5 16. Ne2 Rxc1 17. Rxc1 Ne4 18. Be1 Qe7 19. g3 h5 20. Bg2 h4 21. g4 Ng5
22. dxe5 Qxe5 23. Kf1 Ne4 24. Nd4 Qf6 25. Nf5 g6 26. Nxd6 Qxd6 27. Qd4 Qf6 28.
Qxf6 Ndxf6 29. Rc6 Nd7 30. Rxa6 Rc8 31. Ra5 Rc1 32. Ke2 Ndc5 33. Bxe4 Nxe4 34.
Rxb5 Ng5 35. f4 Nxh3 36. Bxh4 Rc2+ 37. Kd3 Rxa2 38. Rxd5 Kg7 39. Be1 g5 40. Bc3+
Kh7 41. fxg5 Nf2+ 42. Kc4 Nxg4 43. Bd4 Rc2+ 44. Kb5 Nf2 45. Rd6 1-0

[Event "21st Abu Dhabi Masters 2014"]
[Site "Abu Dhabi UAE"]
[Date "2014.08.27"]
[Round "8.2"]
[White "Wang, Hao"]
[Black "Gopal, G.N."]
[Result "0-1"]
[WhiteTitle "GM"]
[BlackTitle "GM"]
[WhiteElo "2730"]
[BlackElo "2558"]
[WhiteFideId "8602883"]
[BlackFideId "5015693"]
[EventDate "2014.08.20"]

1. e4 c5 2. Nf3 e6 3. d4 cxd4 4. Nxd4 Nc6 5. Nc3 Qc7 6. g3 a6 7. Bg2 Nf6 8. O-O
Nxd4 9. Qxd4 Bc5 10. Qd3 Ng4 11. Qe2 h5 12. a4 d6 13. Bf3 Ne5 14. Bxh5 Bd7 15.
Bf3 Nxf3+ 16. Qxf3 f6 17. Be3 O-O-O 18. Ne2 Rh7 19. Bxc5 Qxc5 20. Nf4 Kb8 21.
Rfd1 Rh6 22. b4 Qc7 23. b5 g5 24. Nh5 f5 25. exf5 exf5 26. Rab1 Rdh8 27. bxa6
Bc6 28. Rd5 g4 29. Qg2 Rxh5 30. h4 gxh3 31. Qf3 h2+ 32. Kh1 f4 33. c4 fxg3 34.
fxg3 Qa5 0-1

[Event "21st Abu Dhabi Masters 2014"]
[Site "Abu Dhabi UAE"]
[Date "2014.08.27"]
[Round "8.3"]
[White "Kryvoruchko, Yuriy"]
[Black "Iordachescu, Viorel"]
[Result "1/2-1/2"]
[WhiteTitle "GM"]
[BlackTitle "GM"]
[WhiteElo "2708"]
[BlackElo "2589"]
[WhiteFideId "14109182"]
[BlackFideId "13900200"]
[EventDate "2014.08.20"]

1. e4 e5 2. Nf3 Nc6 3. Bb5 a6 4. Ba4 Nf6 5. O-O Be7 6. Re1 b5 7. Bb3 d6 8. c3
O-O 9. h3 Bb7 10. d4 Nd7 11. Nbd2 exd4 12. cxd4 Bf6 13. Nf1 Na5 14. Bc2 Re8 15.
Ng3 g6 16. Bh6 Nc4 17. b3 Na3 18. Bd3 c5 19. Bf4 Nf8 20. e5 dxe5 21. dxe5 Bg7
22. Qe2 Ne6 23. Bc1 Nd4 24. Nxd4 Rxe5 25. Ne4 Bxe4 26. Bxe4 Qxd4 27. Bxa3 Rxe4
28. Qxe4 Qxe4 29. Rxe4 Bxa1 30. Bxc5 Rc8 31. b4 Bg7 1/2-1/2

[Event "21st Abu Dhabi Masters 2014"]
[Site "Abu Dhabi UAE"]
[Date "2014.08.27"]
[Round "8.4"]
[White "Volkov, Sergey"]
[Black "Areshchenko, Alexander"]
[Result "1-0"]
[WhiteTitle "GM"]
[BlackTitle "GM"]
[WhiteElo "2583"]
[BlackElo "2684"]
[WhiteFideId "4122763"]
[BlackFideId "14109530"]
[EventDate "2014.08.20"]

1. d4 Nf6 2. c4 g6 3. Nc3 d5 4. Nf3 Bg7 5. Qb3 dxc4 6. Qxc4 O-O 7. e4 a6 8. Be2
b5 9. Qb3 c5 10. dxc5 Be6 11. Qc2 Nbd7 12. Be3 Rc8 13. Rd1 b4 14. Nd5 Bxd5 15.
exd5 Nxc5 16. O-O a5 17. Bb5 Nce4 18. Qd3 Nc5 19. Qc4 Na4 20. Qe2 Nb6 21. d6
exd6 22. Ba6 Ra8 23. Bb7 Rb8 24. Bc6 Qc8 25. Rc1 Qe6 26. Nd4 Qxa2 27. Rc2 Nfd5
28. b3 Qa3 29. Bc1 Bxd4 30. Bxa3 bxa3 31. Rd2 Nc3 32. Qa6 Be5 33. Qxa5 Rfc8 34.
Bf3 a2 35. Rxa2 Nxa2 36. Qxa2 Bc3 37. Bg4 Rc7 38. Rd1 d5 39. Qc2 Rd8 40. b4 h5
41. Bf3 d4 42. b5 Rc5 43. Qb3 Kg7 44. g3 Re5 45. Kg2 Rd6 46. Rc1 Rf6 47. Rc2 Rc5
48. Be2 Nd5 49. h4 Rb6 50. Bc4 Rd6 51. Qa3 Bb4 52. Qa7 Rf6 53. Qd7 Nb6 1-0

[Event "21st Abu Dhabi Masters 2014"]
[Site "Abu Dhabi UAE"]
[Date "2014.08.27"]
[Round "8.5"]
[White "Horvath, Adam1"]
[Black "Kuzubov, Yuriy"]
[Result "0-1"]
[WhiteTitle "GM"]
[BlackTitle "GM"]
[WhiteElo "2536"]
[BlackElo "2667"]
[WhiteFideId "708003"]
[BlackFideId "14112906"]
[EventDate "2014.08.20"]

1. e4 c5 2. Nf3 d6 3. d4 cxd4 4. Nxd4 Nf6 5. Nc3 a6 6. h3 e6 7. g4 Nfd7 8. Be3
b5 9. Bg2 Bb7 10. Qd2 Nb6 11. b3 N8d7 12. O-O Be7 13. f4 O-O 14. f5 b4 15. Nce2
e5 16. f6 Bxf6 17. Nf5 a5 18. Neg3 g6 19. Nh6+ Kg7 20. g5 Be7 21. Ngf5+ gxf5 22.
exf5 Bxg2 23. Qxg2 Rc8 24. f6+ Kh8 25. Kh1 Rc3 26. Nf5 Bxf6 27. gxf6 Rg8 28.
Nxd6 Qf8 29. Bh6 Rxg2 30. Bxf8 Rcxc2 31. Bg7+ Kg8 32. Rfc1 Rh2+ 33. Kg1 Rcg2+
34. Kf1 Rd2 35. Kg1 Rhg2+ 36. Kh1 Rxg7 37. Nc4 Nxc4 38. fxg7 Ncb6 39. Rg1 e4 40.
Rae1 Nc5 41. Ref1 Nd3 42. Rg3 Ne5 0-1

[Event "21st Abu Dhabi Masters 2014"]
[Site "Abu Dhabi UAE"]
[Date "2014.08.27"]
[Round "8.6"]
[White "Efimenko, Zahar"]
[Black "Parligras, Mircea-Emilian"]
[Result "1-0"]
[WhiteTitle "GM"]
[BlackTitle "GM"]
[WhiteElo "2641"]
[BlackElo "2574"]
[WhiteFideId "14107201"]
[BlackFideId "1204297"]
[EventDate "2014.08.20"]

1. e4 e5 2. Nf3 Nc6 3. Bc4 Bc5 4. c3 Nf6 5. d3 O-O 6. O-O d5 7. exd5 Nxd5 8. h3
Nb6 9. Bb3 Bf5 10. Bc2 Re8 11. Qe2 Nd5 12. a4 Qd7 13. Na3 Bxh3 14. gxh3 Nf4 15.
Qe4 Qxh3 16. Nh2 Re6 17. d4 Bxa3 18. bxa3 Rg6+ 19. Kh1 Qxc3 20. Bxf4 exf4 21.
Rac1 Qh3 22. Qf3 Rh6 23. Qxh3 Rxh3 24. Be4 Nxd4 25. Rxc7 Rxa3 26. Bxb7 Rd8 27.
Bd5 Rxa4 28. Bxf7+ Kh8 29. Rd1 Rf8 30. Bc4 Nf5 31. Rf7 Kg8 32. Be6 1-0

[Event "21st Abu Dhabi Masters 2014"]
[Site "Abu Dhabi UAE"]
[Date "2014.08.27"]
[Round "8.7"]
[White "Barnaure, Vlad-Victor"]
[Black "Petrosian, Tigran L."]
[Result "0-1"]
[WhiteTitle "IM"]
[BlackTitle "GM"]
[WhiteElo "2513"]
[BlackElo "2641"]
[WhiteFideId "1210610"]
[BlackFideId "13301616"]
[EventDate "2014.08.20"]

1. Nf3 g6 2. c4 Bg7 3. d4 f5 4. g3 Nf6 5. Bg2 O-O 6. O-O d6 7. Nc3 c6 8. d5 e5
9. dxe6 Bxe6 10. Qd3 Na6 11. Ng5 Bc8 12. Bf4 h6 13. Nf3 Ne4 14. Qc2 Nxc3 15.
bxc3 g5 16. Be3 Nc5 17. Rad1 Qe7 18. Bd4 f4 19. Qg6 Be6 20. h4 g4 21. Nd2 Qf7
22. Qb1 Bf5 23. Qc1 Rae8 24. Nb3 fxg3 25. Nxc5 dxc5 26. Bxc5 gxf2+ 27. Rxf2 Qxc4
28. Bxf8 Rxf8 29. e4 Qc5 30. Rd3 Be6 31. Qe3 Qxe3 32. Rxe3 Rxf2 33. Kxf2 Bxa2
34. Rd3 Be6 35. Ke3 Kf7 36. c4 Ke7 37. Ra3 a6 38. c5 h5 39. Kf4 Bh6+ 40. Ke5
Bg7+ 41. Kf4 Bf6 42. Re3 Bxh4 43. Re2 Bf6 44. e5 Bg7 45. Kg5 Bc4 46. Re3 Ke6 47.
Kxh5 Kf5 48. Rg3 Bxe5 49. Rxg4 Be2 50. Be4+ Ke6 51. Kh4 Bf6+ 52. Kg3 Bxg4 53.
Kxg4 Ke5 0-1

[Event "21st Abu Dhabi Masters 2014"]
[Site "Abu Dhabi UAE"]
[Date "2014.08.27"]
[Round "8.8"]
[White "Vaibhav, Suri"]
[Black "Burmakin, Vladimir"]
[Result "0-1"]
[WhiteTitle "GM"]
[BlackTitle "GM"]
[WhiteElo "2521"]
[BlackElo "2593"]
[WhiteFideId "5045185"]
[BlackFideId "4105109"]
[EventDate "2014.08.20"]

1. e4 c6 2. d4 d5 3. Nc3 dxe4 4. Nxe4 Nd7 5. Nf3 Ngf6 6. Ned2 g6 7. g3 Bg7 8.
Bg2 O-O 9. O-O Nb6 10. Re1 Bg4 11. h3 Bxf3 12. Nxf3 e6 13. c3 Nbd5 14. Bd2 Qc7
15. b4 Rfd8 16. Qb3 Ne8 17. c4 Ne7 18. Bf4 Qc8 19. Rad1 Nf6 20. a4 a6 21. a5 Qd7
22. g4 h6 23. Ne5 Qe8 24. h4 h5 25. g5 Nd7 26. Nf3 Nf8 27. Bc7 Rd7 28. Bb6 Nf5
29. Rd3 Qb8 30. d5 exd5 31. cxd5 Qf4 32. Red1 cxd5 33. Rxd5 Re7 34. Bc5 Ree8 35.
Qd3 Ne6 36. Bh3 Nxh4 37. Nxh4 Qxh4 38. Qg3 Qxg3+ 39. fxg3 Nxc5 40. Rxc5 Re3 41.
Rd7 Rxg3+ 42. Kh2 h4 43. Rxb7 Bf8 44. Rc1 Re8 0-1

[Event "21st Abu Dhabi Masters 2014"]
[Site "Abu Dhabi UAE"]
[Date "2014.08.27"]
[Round "8.9"]
[White "Ganguly, Surya Shekhar"]
[Black "Amin, Bassem"]
[Result "1/2-1/2"]
[WhiteTitle "GM"]
[BlackTitle "GM"]
[WhiteElo "2614"]
[BlackElo "2627"]
[WhiteFideId "5002150"]
[BlackFideId "10601457"]
[EventDate "2014.08.20"]

1. e4 e5 2. Nf3 Nc6 3. Bc4 Nf6 4. Ng5 d5 5. exd5 Na5 6. Bb5+ c6 7. dxc6 bxc6 8.
Qf3 Rb8 9. Bd3 h6 10. Ne4 Nd5 11. b3 Nf4 12. Bb2 f6 13. O-O Be7 14. Re1 O-O 15.
Bf1 c5 16. Ng3 Qd7 17. Nh5 Bb7 18. Qd1 Ng6 19. h3 Kh7 20. Na3 Rbd8 21. Bc3 Nc6
22. Nc4 Nh4 23. Na5 Bc8 24. Bb5 Bb7 25. Nxb7 Qxb7 26. Qg4 Ng6 27. Bd3 Rxd3 28.
cxd3 f5 29. Qg3 Qd7 30. Re2 Bd6 31. Rae1 f4 32. Qg4 Rf5 33. g3 Qf7 34. gxf4 Nxf4
35. Nxf4 Rg5 36. Qxg5 hxg5 37. Ng2 Nd4 38. Bxd4 cxd4 39. Re4 Qf3 40. h4 g4 41.
h5 g3 42. fxg3 Qxg3 43. Rf1 Qxd3 44. Rg4 Qxd2 45. h6 Kxh6 46. Nh4 Qe3+ 47. Rf2
Qe1+ 48. Rf1 Qe3+ 49. Rf2 Kh5 50. Nf5 Qe1+ 51. Rf1 Qxf1+ 52. Kxf1 Kxg4 53. Nxd6
Kf3 54. Ke1 e4 55. Nf5 d3 56. Kd2 g5 57. b4 g4 58. b5 Kf4 59. Ne3 g3 60. a4 Ke5
61. a5 Kd6 62. Nf5+ Kc5 1/2-1/2

[Event "21st Abu Dhabi Masters 2014"]
[Site "Abu Dhabi UAE"]
[Date "2014.08.27"]
[Round "8.10"]
[White "Ghosh, Diptayan"]
[Black "Rakhmanov, Aleksandr"]
[Result "1/2-1/2"]
[WhiteTitle "IM"]
[BlackTitle "GM"]
[WhiteElo "2473"]
[BlackElo "2626"]
[WhiteFideId "5045207"]
[BlackFideId "4173708"]
[EventDate "2014.08.20"]

1. d4 Nf6 2. c4 g6 3. g3 c6 4. Bg2 d5 5. Nf3 Bg7 6. O-O O-O 7. Qb3 Qb6 8. Nc3
Be6 9. c5 Qxb3 10. axb3 Na6 11. Ra4 h6 12. Ne5 Nc7 13. e3 a6 14. Ra1 Nd7 15.
Nxd7 Bxd7 16. Rd1 f6 17. Bd2 e5 18. dxe5 fxe5 19. e4 d4 20. Na4 Bg4 21. Re1 Rf7
22. h3 Be6 23. b4 Raf8 24. f3 Nb5 25. Rf1 Bb3 26. Nb6 d3 27. Be3 Rd8 28. Rf2 Nd4
29. Ra3 Bd1 30. Bxd4 Rxd4 31. Bf1 Bc2 32. Rd2 Rxf3 33. Kg2 Rxf1 34. Kxf1 h5 35.
Rc3 Rxe4 36. Nc4 Rd4 37. Rcxc2 dxc2 38. Rxc2 Kf7 39. Rf2+ Kg8 40. Rc2 Kf8 41.
Rf2+ Ke7 42. Nd6 Ke6 43. Nxb7 Rxb4 44. Na5 Rb5 45. b4 Rxb4 46. Nxc6 Rb1+ 47. Kg2
e4 48. Nd8+ Kd5 49. c6 Rc1 50. Rf7 Rc2+ 51. Kf1 Be5 52. Rd7+ Bd6 53. Ke1 e3 54.
Kd1 e2+ 55. Ke1 g5 56. Nf7 Rxc6 57. Nxd6 Rxd6 58. Rg7 Ke4 59. Rxg5 Kf3 60. Rf5+
Kxg3 61. Rxh5 Re6 62. Ra5 Kf3 63. Ra2 Kg2 1/2-1/2

[Event "21st Abu Dhabi Masters 2014"]
[Site "Abu Dhabi UAE"]
[Date "2014.08.27"]
[Round "8.11"]
[White "Shyam, Sundar M."]
[Black "Grover, Sahaj"]
[Result "1-0"]
[WhiteTitle "GM"]
[BlackTitle "GM"]
[WhiteElo "2468"]
[BlackElo "2492"]
[WhiteFideId "5019141"]
[BlackFideId "5021103"]
[EventDate "2014.08.20"]

1. c4 f5 2. d4 Nf6 3. Nf3 g6 4. Nc3 Bg7 5. Bf4 d6 6. e3 O-O 7. Be2 Qe8 8. h3 Nc6
9. Bh2 e5 10. O-O Ne4 11. Nd5 Qd8 12. dxe5 Nxe5 13. Qc2 c6 14. Nf4 Qe7 15. Rad1
Bd7 16. Nd2 Nc5 17. b4 Ne6 18. Nxe6 Bxe6 19. Nf3 a5 20. a3 axb4 21. axb4 b5 22.
c5 Bd5 23. cxd6 Qxd6 24. Nxe5 Bxe5 25. Bxe5 Qxe5 26. Qc5 Rfe8 27. Bxb5 Bxg2 28.
Bc4+ Bd5 29. Rxd5 cxd5 30. Bxd5+ Kg7 31. Bxa8 Qxc5 32. bxc5 Rxa8 33. Rd1 Rc8 34.
Rd5 Kf6 35. f4 1-0

[Event "21st Abu Dhabi Masters 2014"]
[Site "Abu Dhabi UAE"]
[Date "2014.08.27"]
[Round "8.12"]
[White "Neverov, Valeriy"]
[Black "Istratescu, Andrei"]
[Result "0-1"]
[WhiteTitle "GM"]
[BlackTitle "GM"]
[WhiteElo "2498"]
[BlackElo "2656"]
[WhiteFideId "14100150"]
[BlackFideId "1200372"]
[EventDate "2014.08.20"]

1. d4 Nf6 2. c4 g6 3. Nf3 Bg7 4. g3 O-O 5. Bg2 d6 6. O-O Nc6 7. Nc3 Rb8 8. h3 a6
9. e4 b5 10. cxb5 axb5 11. Re1 e6 12. Bf4 b4 13. Nb1 Nd7 14. Bg5 Qe8 15. Be3 Nb6
16. Nbd2 Qd7 17. Qc2 Bb7 18. Rac1 Rfc8 19. Nc4 Nxc4 20. Qxc4 Ne7 21. Nd2 d5 22.
Qd3 Ra8 23. a3 bxa3 24. bxa3 Ra4 25. Qb3 Ba8 26. Bf1 Ra7 27. Bb5 Qd8 28. Bd3 Rb8
29. Qc3 dxe4 30. Nxe4 Nd5 31. Qc5 Rb6 32. Bg5 Qb8 33. Rb1 Ra4 34. Rxb6 cxb6 35.
Qd6 Qxd6 36. Nxd6 h6 37. Bc1 Rxd4 38. Be4 Ra4 39. Bg2 Nc3 40. Bxa8 Rxa8 41. Bb2
Nd5 42. Bxg7 Kxg7 43. Ne4 Rxa3 0-1

[Event "21st Abu Dhabi Masters 2014"]
[Site "Abu Dhabi UAE"]
[Date "2014.08.27"]
[Round "8.13"]
[White "Gupta, Abhijeet"]
[Black "Meszaros, Tamas"]
[Result "1-0"]
[WhiteTitle "GM"]
[BlackTitle "IM"]
[WhiteElo "2638"]
[BlackElo "2422"]
[WhiteFideId "5010608"]
[BlackFideId "717410"]
[EventDate "2014.08.20"]

1. Nf3 Nf6 2. c4 e6 3. g3 d5 4. d4 Bb4+ 5. Bd2 a5 6. Bg2 O-O 7. O-O dxc4 8. Bg5
Nc6 9. e3 e5 10. Bxf6 Qxf6 11. a3 Bd6 12. d5 e4 13. dxc6 exf3 14. Bxf3 Qxb2 15.
Nd2 b5 16. Rb1 Qxa3 17. Rxb5 Ba6 18. Nxc4 Bxb5 19. Nxa3 Bxf1 20. Kxf1 Bxa3 21.
Qa4 Bd6 22. Bd5 Rfb8 23. Kg2 Rb4 24. Qc2 a4 25. Qf5 Rf8 26. e4 Rd4 27. Ba2 Rd2
28. Bb1 Rb2 29. Bd3 a3 30. Bc4 Rc2 31. Qd5 Rxc4 32. Qxc4 Ra8 33. Qa2 Ra5 34. Kh3
Rh5+ 1-0

[Event "21st Abu Dhabi Masters 2014"]
[Site "Abu Dhabi UAE"]
[Date "2014.08.27"]
[Round "8.14"]
[White "Bajarani, Ulvi"]
[Black "Pashikian, Arman"]
[Result "1/2-1/2"]
[WhiteTitle "GM"]
[BlackTitle "GM"]
[WhiteElo "2483"]
[BlackElo "2631"]
[WhiteFideId "13403028"]
[BlackFideId "13301578"]
[EventDate "2014.08.20"]

1. e4 e5 2. Nf3 Nc6 3. Bb5 Nf6 4. d3 Bc5 5. Bxc6 dxc6 6. O-O Nd7 7. Nbd2 O-O 8.
Nc4 Re8 9. Be3 Bd6 10. Qe1 Nf8 11. Qc3 Ng6 12. a3 b6 13. b4 Bg4 14. Nfd2 Bf8 15.
f3 Bd7 16. g3 Qf6 17. Rf2 h5 18. Kh1 Qe6 19. f4 f5 20. Nxe5 Nxe5 21. fxe5 fxe4
22. Nxe4 a5 23. Raf1 axb4 24. axb4 Qd5 25. Kg1 Bh3 26. Re1 Rxe5 27. Bf4 Re7 28.
Ng5 Rxe1+ 29. Qxe1 Bd7 30. Ne4 c5 31. bxc5 bxc5 32. Bxc7 Bc6 33. h4 c4 34. Qe3
cxd3 35. cxd3 Ra1+ 36. Rf1 Rxf1+ 37. Kxf1 Bb5 38. Ke2 Bb4 39. Bf4 Qa2+ 40. Nd2
Qxd2+ 1/2-1/2

[Event "21st Abu Dhabi Masters 2014"]
[Site "Abu Dhabi UAE"]
[Date "2014.08.27"]
[Round "8.15"]
[White "Salem, A.R. Saleh"]
[Black "Asgarizadeh, Ahmad"]
[Result "1-0"]
[WhiteTitle "GM"]
[WhiteElo "2591"]
[BlackElo "2335"]
[WhiteFideId "9301348"]
[BlackFideId "12505684"]
[EventDate "2014.08.20"]

1. d4 Nf6 2. c4 c5 3. d5 e6 4. Nc3 exd5 5. cxd5 d6 6. e4 g6 7. f4 Bg7 8. Bb5+
Nfd7 9. Nf3 a6 10. Bd3 b5 11. O-O O-O 12. Qe1 Re8 13. a3 Nf6 14. Qh4 Nh5 15. Qf2
Nf6 16. f5 Nbd7 17. Bg5 Qb6 18. Bc2 a5 19. e5 dxe5 20. Nd2 Rf8 21. Qh4 Ba6 22.
Nce4 Bb7 23. d6 Nxe4 24. Bxe4 c4+ 25. Kh1 Bxe4 26. Nxe4 f6 27. fxg6 hxg6 28.
Bxf6 Nxf6 29. Rxf6 Qd8 30. Rxf8+ Qxf8 31. Ng5 Bh6 32. Ne6 Qxd6 33. Qe4 Qxe6 34.
Qxa8+ Kh7 35. Re1 Bd2 36. Rd1 c3 37. bxc3 Bxc3 38. Qa7+ 1-0

[Event "21st Abu Dhabi Masters 2014"]
[Site "Abu Dhabi UAE"]
[Date "2014.08.27"]
[Round "8.16"]
[White "Lalith, Babu M.R."]
[Black "Rajesh, V A V"]
[Result "0-1"]
[WhiteTitle "GM"]
[BlackTitle "IM"]
[WhiteElo "2565"]
[BlackElo "2404"]
[WhiteFideId "5024595"]
[BlackFideId "5029317"]
[EventDate "2014.08.20"]

1. Nf3 Nf6 2. c4 g6 3. Nc3 d5 4. cxd5 Nxd5 5. Qb3 Nb6 6. d4 Bg7 7. Bf4 O-O 8. e3
Be6 9. Qa3 Nc6 10. Bb5 Nb8 11. O-O c6 12. Be2 N8d7 13. Rfd1 Bc4 14. Bxc4 Nxc4
15. Qb3 b5 16. Qc2 Rc8 17. Rac1 Qa5 18. b3 Ncb6 19. Ne4 Nd5 20. Bg5 Rfe8 21. h3
f5 22. Nc3 N7b6 23. Qd2 b4 24. Nxd5 Nxd5 25. Rc5 Qa6 26. Qc2 Nc3 27. Re1 e6 28.
Rc4 Qa5 29. Ne5 c5 30. a4 cxd4 31. Rxc8 Rxc8 32. exd4 Qd5 33. Nd3 Qxd4 34. Be3
Qd7 35. Nxb4 a5 36. Nd3 Ne4 37. Qe2 Qb7 38. f3 Nc3 39. Qd2 Qxb3 40. Nc5 Qd5 41.
Qxd5 exd5 42. Nb3 Nxa4 43. Bd2 Nb2 44. Nxa5 Nc4 45. Rc1 Rc5 46. Nxc4 Rxc4 47.
Rb1 Bd4+ 48. Kf1 0-1

[Event "21st Abu Dhabi Masters 2014"]
[Site "Abu Dhabi UAE"]
[Date "2014.08.27"]
[Round "8.17"]
[White "Shyam, Nikil P."]
[Black "Abasov, Nijat"]
[Result "0-1"]
[WhiteTitle "IM"]
[BlackTitle "GM"]
[WhiteElo "2469"]
[BlackElo "2527"]
[WhiteFideId "5024218"]
[BlackFideId "13402960"]
[EventDate "2014.08.20"]

1. e4 e5 2. Nf3 Nc6 3. Bb5 Nf6 4. O-O Nxe4 5. d4 Nd6 6. Bxc6 dxc6 7. dxe5 Nf5 8.
Qxd8+ Kxd8 9. h3 Ke8 10. Nc3 h5 11. Bg5 Be6 12. Ne2 Be7 13. Bxe7 Kxe7 14. Rfd1
Rad8 15. b3 Bd5 16. Nfd4 Nxd4 17. Nxd4 Be4 18. f3 c5 19. Nb5 Bc6 20. c4 Bxb5 21.
cxb5 Ke6 22. f4 Rd4 23. Rxd4 cxd4 24. Kf2 Rc8 25. Ke2 c5 26. Kd3 Kd5 27. Rc1 a6
28. a4 axb5 29. axb5 Ra8 30. e6 fxe6 31. Re1 Ra2 32. Re5+ Kd6 33. Rg5 Rb2 34.
Rxg7 Rxb3+ 35. Kc2 c4 0-1

[Event "21st Abu Dhabi Masters 2014"]
[Site "Abu Dhabi UAE"]
[Date "2014.08.27"]
[Round "8.18"]
[White "Ankit, R. Rajpara"]
[Black "Primbetov, Kazbek"]
[Result "1/2-1/2"]
[WhiteTitle "GM"]
[WhiteElo "2509"]
[BlackElo "2256"]
[WhiteFideId "5023335"]
[BlackFideId "13702297"]
[EventDate "2014.08.20"]

1. d4 Nf6 2. Nf3 g6 3. Nbd2 d5 4. e3 Bg7 5. Be2 O-O 6. b4 Bg4 7. c4 e6 8. O-O
Nbd7 9. Bb2 Ne4 10. Rc1 a6 11. c5 c6 12. h3 Nxd2 13. Nxd2 Bxe2 14. Qxe2 f5 15.
a4 Qe7 16. Nb3 g5 17. b5 axb5 18. axb5 Nf6 19. Ra1 g4 20. hxg4 fxg4 21. Rxa8
Rxa8 22. Ra1 Rxa1+ 23. Bxa1 g3 24. f3 Nd7 25. Kf1 Qh4 26. Ke1 Qh2 27. bxc6 bxc6
28. Bc3 h5 29. Nd2 h4 30. Nf1 Qh1 31. Kd2 h3 32. Nxg3 hxg2 33. Nxh1 gxh1=Q 34.
Kc2 e5 35. Qa6 exd4 36. exd4 Qg2+ 37. Kb1 Qg1+ 38. Kc2 Qg6+ 39. Kb2 Nf8 40. f4
Qe6 41. Kb3 Qd7 42. f5 Kf7 43. Ka4 Bf6 44. Qa8 Ke7 45. Qb8 Qxf5 46. Qd6+ Ke8 47.
Qxc6+ Qd7 48. Kb5 Ne6 49. Qxd7+ Kxd7 50. c6+ Kc8 51. Kb6 Bd8+ 52. Kb5 Nc7+ 53.
Kc5 Be7+ 54. Kb6 Bd6 55. Bb2 Ne6 56. c7 Nxc7 57. Kc6 Bf4 58. Bc3 Bg3 59. Ba5 Bh2
60. Bxc7 1/2-1/2

[Event "21st Abu Dhabi Masters 2014"]
[Site "Abu Dhabi UAE"]
[Date "2014.08.27"]
[Round "8.19"]
[White "Sumets, Andrey"]
[Black "Estremera Panos, Sergio"]
[Result "1-0"]
[WhiteTitle "GM"]
[BlackTitle "IM"]
[WhiteElo "2622"]
[BlackElo "2346"]
[WhiteFideId "14105500"]
[BlackFideId "2200864"]
[EventDate "2014.08.20"]

1. d4 Nf6 2. c4 e6 3. Nf3 d5 4. g3 Bb4+ 5. Bd2 Be7 6. Bg2 O-O 7. O-O c6 8. Bf4
dxc4 9. Ne5 Nd5 10. Nxc4 Nxf4 11. gxf4 Nd7 12. e3 Nb6 13. Nbd2 Nd5 14. Rc1 f6
15. Ne4 Kh8 16. Kh1 Nb6 17. Ncd2 a5 18. a3 a4 19. Nc4 Nd5 20. Rg1 Qc7 21. Qh5
Bd7 22. Nc5 g6 23. Qh6 Rg8 24. Be4 Bxc5 25. Rxg6 f5 26. Ne5 Rxg6 27. Nxg6+ Kg8
28. Ne5 Be8 29. Rg1+ Kh8 30. Bxd5 1-0

[Event "21st Abu Dhabi Masters 2014"]
[Site "Abu Dhabi UAE"]
[Date "2014.08.27"]
[Round "8.20"]
[White "Faraj, Yahya"]
[Black "Rasulov, Vugar"]
[Result "0-1"]
[WhiteTitle "FM"]
[BlackTitle "GM"]
[WhiteElo "2247"]
[BlackElo "2509"]
[WhiteFideId "9400184"]
[BlackFideId "13402390"]
[EventDate "2014.08.20"]

1. d4 Nf6 2. c4 e6 3. Nc3 Bb4 4. Qb3 c5 5. dxc5 Nc6 6. Nf3 O-O 7. Bg5 h6 8. Bxf6
Qxf6 9. Rc1 Bxc5 10. e3 Qe7 11. Be2 f5 12. O-O b6 13. Rfd1 g5 14. Qc2 g4 15. Ne1
Ne5 16. Nd3 Bd6 17. Nb5 Bb8 18. c5 Qg7 19. Nxe5 Bxe5 20. b3 f4 21. exf4 Bxf4 22.
Rb1 Bb7 23. Nd6 Bc6 24. b4 Bxh2+ 25. Kh1 Bxd6 26. Rxd6 Rxf2 27. Rxc6 dxc6 28.
Qe4 g3 29. Qxc6 Raf8 30. Qxe6+ Kh8 31. Bc4 bxc5 32. bxc5 R2f5 33. Qe3 Re5 34.
Qd2 Rxc5 35. Be6 Rb5 36. Re1 Rb2 37. Qe3 Rbf2 38. Kg1 Qf6 39. Bc4 Qh4 40. Qe5+
R2f6 0-1

[Event "21st Abu Dhabi Masters 2014"]
[Site "Abu Dhabi UAE"]
[Date "2014.08.27"]
[Round "8.21"]
[White "De Ramos, Julius"]
[Black "Berescu, Alin-Mile"]
[Result "1/2-1/2"]
[WhiteTitle "FM"]
[BlackTitle "GM"]
[WhiteElo "2342"]
[BlackElo "2458"]
[WhiteFideId "5200628"]
[BlackFideId "1204920"]
[EventDate "2014.08.20"]

1. c4 c5 2. Nc3 Nc6 3. g3 g6 4. Bg2 Bg7 5. a3 e6 6. Rb1 a5 7. Nh3 Nge7 8. Nf4 d6
9. d3 Rb8 10. Bd2 O-O 11. O-O b6 12. Nb5 Ba6 13. e3 d5 14. Bc3 Bxb5 15. cxb5 Ne5
16. d4 cxd4 17. exd4 Nc4 18. a4 Qd7 19. b3 Nd6 20. Re1 Rfc8 21. Bb2 Nef5 22. Qd2
Rb7 23. Rbc1 Rbc7 24. Rxc7 Rxc7 25. Ne2 Qc8 26. Qd3 Bh6 27. Ba3 Qd8 28. Bc1 Bxc1
29. Rxc1 Rxc1+ 30. Nxc1 Qc7 31. Ne2 h5 32. Kf1 Kf8 1/2-1/2